000 00643nam a2200229 i 4500
001 64990
003 ES-MaACL
005 20230906165256.0
007 t|
008 040107s1967 sp ||||1| spa d
100 1 _aFraga Iribarne, Ana.
_952076
245 1 3 _aEl pensamiento político de Gandhi /
_cAna Fraga.
250 _a1ª ed.
260 _aMadrid :
_bZyz,
_c1967.
300 _a94 p. ;
_c17 cm.
490 1 _aLee y discute. Serie roja ;
_v28
600 1 4 _aGandhi, Mahatma.
_953835
830 1 _aLee y discute. Serie roja ;
_v28
_9182113
852 _aES-MaACL
_jC-33899
852 _aES-MaACL
_jC-20236
999 _c64990
_d64990